000 00741nam a2200205 i 4500
001 23530
003 ES-MaACL
005 20250830222952.0
007 t|
008 021211s1900 sp ||||1| spa d
100 1 _aAmador y Carrandi, Ernesto.
_921093
245 1 3 _aLa guerra hispano-americana ante el derecho internacional /
_cpor Ernesto Amador y Carrandi ; ...con un prólogo de Damián Isern.
260 _aMadrid :
_b[s.n.],
_c1900 (
_fVda de Vinuesa de los Ríos)
300 _aXV, 268 p. ;
_c20 cm.
650 0 4 _aGuerra (Derecho internacional)
_913205
650 0 4 _aGuerra hispano-americana, 1898
_913207
700 1 _aIsern y Marco, Damián,
_d1852-1914
_965561
852 _aES-MaACL
_jG-7613
999 _c23530
_d23530